Online
Catalog

Reglamento sobre aspectos generales de afiliación al seguro Familiar de salud del régimen contributivo : (Record no. 47208)

MARC details
000 -CABECERA
campo de control de longitud fija 01366nam a2200217 a 4500
001 - NÚMERO DE CONTROL
campo de control 000047720
005 - FECHA Y HORA DE LA ÚLTIMA TRANSACCIÓN
campo de control 20260129125203.0
008 - DATOS DE LONGITUD FIJA--INFORMACIÓN GENERAL
campo de control de longitud fija 081117s2015 dr l o001 0 spa d
040 ## - FUENTE DE LA CATALOGACIÓN
Centro catalogador/agencia de origen DO-SdBNP
Lengua de catalogación spa
Centro/agencia transcriptor BNPHU
082 ## - NÚMERO DE LA CLASIFICACIÓN DECIMAL DEWEY
Número de clasificación 344.729302
Número de documento/Ítem R426r,2015
110 1# - ENTRADA PRINCIPAL--NOMBRE DE ENTIDAD CORPORATIVA
Nombre de entidad corporativa o nombre de jurisdicción como elemento de entrada República Dominicana.
9 (RLIN) 447
240 10 - TÍTULO UNIFORME
Título uniforme [Reglamentos,etc.]
245 10 - MENCIÓN DE TÍTULO
Título Reglamento sobre aspectos generales de afiliación al seguro Familiar de salud del régimen contributivo :
Resto del título aprobado por el Consejo Nacional de Seguridad Social mediante resolución No. 155-02 del CNSS de fecha 22 de febrero del año 2007, promulgado mediante el decreto 234-07, de fecha 04 de mayo del 2007. Modificado mediante resolución no. 240-08 del CNSS de fecha 27 de mayo del 2010, promulgado mediante Decreto no. 324-10 de fecha 16 de junio del 2010.
260 ## - PUBLICACIÓN, DISTRIBUCIÓN, ETC.
Lugar de publicación, distribución, etc. Santo Domingo :
Nombre del editor, distribuidor, etc. CNSS,
Fecha de publicación, distribución, etc. 2015.
300 ## - DESCRIPCIÓN FÍSICA
Extensión 41 p. ;
Dimensiones 22 cm.
505 0# - NOTA DE CONTENIDO CON FORMATO
Nota de contenido con formato Introducción --
Título Disposiciones generales --
-- De la afiliación al SFS del Régimen Contributivo --
-- La covertura familiar --
-- Mecanismos de la afiliación al sistema --
-- Cotización --
-- Movimiento en el núcleo familiar --
-- Decreto 324-40
590 ## - NOTA LOCAL (RLIN)
Nota local Inventariado, 2018/VM
650 #4 - PUNTO DE ACCESO ADICIONAL DE MATERIA--TÉRMINO DE MATERIA
Término de materia o nombre geográfico como elemento de entrada Seguridad social
Subdivisión general Legislación
Subdivisión geográfica República Dominicana
9 (RLIN) 14351
650 #0 - PUNTO DE ACCESO ADICIONAL DE MATERIA--TÉRMINO DE MATERIA
Término de materia o nombre geográfico como elemento de entrada Legislación social
9 (RLIN) 1149
710 2# - PUNTO DE ACCESO ADICIONAL--NOMBRE DE ENTIDAD CORPORATIVA
Nombre de entidad corporativa o nombre de jurisdicción como elemento de entrada Consejo Nacional de Seguridad Social (República Dominicana)
9 (RLIN) 63839
Holdings
Estado de retiro Estado de pérdida No para préstamo Código de colección Localización permanente Ubicación/localización actual Ubicación en estantería Fecha de adquisición Número de inventario Total de préstamos Signatura topográfica completa Código de barras Fecha visto por última vez Número de copia Precio válido a partir de Tipo de ítem Koha
    Excluido de préstamo Dominicana de Servicio General General Depósito 24.07.2018 LF1   344.729302 R426r,2015 47720-30 25.06.2020 e. 3 25.06.2020 Libro y Folleto Colección Dominicana de Servicio
    Excluido de préstamo Patrimonio Dominicano Patrimonio Dominicano Patrimonio Dominicano Depósito 24.07.2018 LF1   344.729302 R426r,2015 47720-10 25.06.2020   25.06.2020 Libro y Folleto Colección Patrimonio Dominicano
    Excluido de préstamo Patrimonio Dominicano Patrimonio Dominicano Patrimonio Dominicano Depósito 24.07.2018 LF1   344.729302 R426r,2015 47720-20 25.06.2020 e. 2 25.06.2020 Libro y Folleto Colección Patrimonio Dominicano

Powered by Koha